00330nam a22001217a 4500008004100000040001800041041000800059100001700067245003400084260004700118300001800165650002500183130821s1929 it gr ita  aCo-BoUCMbspa00aita aEbreo, Leone00aDialoghi d'amorecLeone Ebreo aBari (Italia)bGius Laterza et Figlic1929 a457 páginas04aDiálogos italianos